000 00433nam a2200157Ia 4500
008 240729s9999 xx 000 0 und d
022 _a2673-4524
245 0 _aFrontiers in Sustainability
260 _aSwitzerland
260 _bFrontiers Media S.A.
650 _a Economic theory. Demography
650 _aSocial Sciences
856 _uhttps://doaj.org/toc/69b7f76518c046d7a14a1442554315c0
942 _2ddc
942 _cDOAJEJ
999 _c67041
_d67041
945 _a1
_bMadushi Gamage
_c1
_dMadushi Gamage